1579 1621 1255 1791 1759 1226 1599 1674 1396 1919 1392 1419 1495 1301 1645 1897 1882 1434 1057 1831 1243 1972 1376 1336 1436 1871 1176 1768 1228 1214 1258 1097 1629 1277 1756 1503 1163 1841 1120 1311 1431 1385 1470 1277 1222 1573 1603 1621 1201 1919 1004 1957 1896 1708 1973 1572 1200 1010 1110 1370 1779 1813 1613 1613 1330 1772 1953 1504 1525 1864 1231 1902 1392 1102 1198 1834 1416 1359 1079 1844 1504 1745 1344 1304 1460 1366 1603 1122 1179 1497 1698 1355 1977 1144 1687 1465 1604 1647 1458 BCNSPRNW ULIB Ver.6.0+V

เปลี่ยนเป็นภาษาไทย

Change to English
 แสดงรายละเอียดบรรณานุกรม
  กลับหน้าหลัก

Brief Record : Get Marc (ISO 2709) : E-mail record : QR code < ปิดหน้าต่าง
LEADER : 00000nam 2200000uu 4500
001    13399108686
003     ULIB
008    110311s2548||||th 000 0 tha d
020    9749930576
060 04 QT104^bส356 2548 ล.2
245 00 สรีรวิทยา^n2 /^cคณาจารย์ภาควิชาสรีรวิทยาคณะแพทยศาสตร์ศิริราชพยาบาล มหาวิทยาลัยมหิดล ; บรรณาธิการ วัฒนา วัฒนาภา, สุพัตรา โล่ห์สิริวัฒน์, สุพรพิมพ์ เจียสกุล
250    พิมพ์ครั้งที่ 5 (พิมพ์ซ้ำครั้งที่ 3)
260    กรุงเทพฯ :^bภาควิชาสรีรวิทยา คณะแพทยศาสตร์ศิริราชพยาบาลมหาวิทยาลัยมหิดล,^c2548
300    325-775 หน้า :^bภาพประกอบ ;^c26 ซม.
650  7 สรีรวิทยา
700 0  วัฒนา วัฒนาภา,^eบรรณาธิการ
700 0  สุพัตรา โล่ห์สิริวัฒน์,^eบรรณาธิการ
700 0  สุพรพิมพ์ เจียสกุล,^eบรรณาธิการ
710 2  มหาวิทยาลัยมหิดล. ^bคณะแพทยศาสตร์ศิริราชพยาบาล.^bภาควิชาสรีรวิทยา
945    ^p380^l0^i24032
945    ^p380^l0^i24031
945    ^p380^l0^i24687
945    ^p380^l0^i24685
945    ^p380^l0^i24686
945    ^p380^l0^i24684
945    ^p380^l0^i24683
945    ^p380^l0^i24682
945    ^p380^l0^i24688
945    ^p380^l0^i24681
995    เกษร
999 ^a ใช้งานได้ทุกระบบ
รายการนี้ยังไม่มีแท็ก
คุณยังไม่ได้ล็อกอิน คุณสามารถมีกิจกรรมร่วมกับเว็บไซต์ได้ แต่ต้องล็อกอินก่อน ::
  ล็อกอิน

รายการสื่อสารสนเทศ

ลำดับที่ ประเภท เลขเรียก/บาร์โค้ด สถานที่ สถานะ
- ไม่พบข้อมูล -

รายการใกล้เคียง
    หัวเรื่อง [สรีรวิทยา]

BibComment


ยังไม่เคยถูกคอมเมนท์

คอมเมนท์ทรัพยากรรายการนี้
  คอมเมนท์: สรีรวิทยา 2 คณาจ..


 Copyright 2026. Bcnsprnw @Library